Normal view
MARC view
- الحداد، محمد بكر
Entry Personal Name
001 - CONTROL NUMBER
- control field: 59176
003 - CONTROL NUMBER IDENTIFIER
- control field: JO-AjAnu
005 - DATE AND TIME OF LATEST TRANSACTION
- control field: 20230606083659.0
008 - FIXED-LENGTH DATA ELEMENTS
- fixed length control field: 230606|| aca||aabn | a|a d
040 ## - CATALOGING SOURCE
- Original cataloging agency: JO-AjAnu
- Transcribing agency: JO-AjAnu
100 ## - HEADING--PERSONAL NAME
- Personal name: الحداد، محمد بكر
670 ## - SOURCE DATA FOUND
- Source citation: Work cat.: (JO-AjAnu)30184: الحداد، محمد بكر , author, المسؤولية الجزائية للقنوات الفضائية عن جرائم الذم والقدح والتحقير